000 00803nam a2200205Ia 4500
003 GCL
008 140319s9999 xx 000 0 ara d
020 _a7234270977
040 _aGCL /
_cGCL
082 0 4 _a020
_bش ب
100 1 _aشعبان عبدالعزيز خليفة
245 1 0 _aالببليوجرافيا او علم الكتاب :
_bدراسة فى أصول النظرية الببليوجرافية و تطبيقاتها النظرية العامة /
_cشعبان عبدالعزيز خليفة
260 _aالقاهرة :
_bالدار المصرية اللبنانية ،
_c1996
300 _a524 ص ؛
_c24 سم
490 _a
650 0 4 _aالببليوجرافيا, علم
650 0 4 _aالمكتبات، علم
650 0 4 _aالكتب والمكتبات
942 _2ddc
_cBK
999 _c44853
_d44853